|
|
|
|
| LEADER |
00674nab a2200181 i 4500 |
| 001 |
publ4591 |
| 005 |
20190313144226.0 |
| 008 |
150110s2005 hu o 0|| magyar d |
| 022 |
|
|
|a 1786-7428
|
| 024 |
7 |
|
|a 1413419
|2 mtmt
|
| 040 |
|
|
|a SZTE Publicatio Repozitórium
|b hun
|
| 041 |
|
|
|a magyar
|
| 100 |
1 |
|
|a Szécsényi Tibor
|
| 245 |
1 |
0 |
|a Sorrend és hatókör a magyarban
|h [elektronikus dokumentum] :
|b HPSG elemzés /
|c Szécsényi Tibor
|
| 260 |
|
|
|a University of Szeged
|c 2005
|
| 300 |
|
|
|a 171-202
|
| 490 |
0 |
|
|a Nyelvtudomány - Acta Universitatis Szegediensis : Sectio Linguistica
|v 42 No. 1
|
| 856 |
4 |
0 |
|u http://publicatio.bibl.u-szeged.hu/4591/1/szecsenyi-2005.pdf
|z Dokumentum-elérés
|